Statystyki dla QUIZ O GEOMEX

Kliknij tutaj aby rozwiązać quiz!

Ogólne statystyki

  • Ten quiz został rozwiązany 36 razy
    (28 od ostatniego zresetowania)
  • Średni wynik to 7 z 8

Statystyki odpowiedzi

MOJE PYTANIEWASZA ODPOWIEDŹ% Poprawnych
CZY GEOMEX MA 400 000 SUBSKRYBCJINIE
100%
CZY GEOMEX NADAL NAGRYWATAK
100%
CZY GEOMEX MA JETPUNKTAK
100%
CZY KTOŚ ROBIŁ DLA NIEGO QUIZY NA JET PUNKTAK
100%
KIEDY ZACZĄŁ NAGRYWAĆ PRZED 2022 CZY PÓŹNIEJPÓŹNIEJ
88%
JAK GEOMEX MA NA IMIĘKAMIL
63%
ILE GEOMEX MA KANAŁÓWTRZY
56%
W JAKIM WOJEWÓDZSTWIE MIESZKALUBELSKIE
50%

Rozkład punktacji

Percentyl według liczby udzielonych odpowiedzi

Procent ludzi z każdym wynikiem

Twoja historia wyników

Nie rozwiązałeś tego quizu od ostatniego zresetowania